[Event "Saint Denis op"]
[Site "Saint Denis"]
[Date "2022.10.13"]
[Round "9"]
[White "Folio, Pierre"]
[Black "Sawmynaden, Righen Peroumal"]
[Result "1-0"]
[WhiteElo "1432"]
[BlackElo "1743"]
[PlyCount "45"]
[EventDate "2022.10.13"]
[EventType "swiss"]
[EventRounds "9"]
[EventCountry "RUF"]
[SourceTitle "EXT 2024"]
[Source "ChessBase"]
[SourceDate "2023.10.10"]
[SourceVersion "1"]
[SourceVersionDate "2023.10.10"]
[SourceQuality "1"]

1. e4 e5 2. Nf3 Nf6 3. Nxe5 d6 4. Nf3 Nxe4 5. d4 d5 6. Bd3 Be7 7. Bf4 Bf5 8. Nbd2 g5 9. Bg3 Nxg3 10. fxg3 Bxd3 11. cxd3 Qd6 12. 0-0 Nd7 13. Ne5 Nxe5 14. dxe5 Qxe5 15. Qa4+ Kd8 16. Rae1 Qg7 17. Qb5 Qd4+ 18. Kh1 a6 19. Qxb7 Ra7 20. Qb3 Rf8 21. Nf3 Qc5 22. Ne5 f6 23. Qb8# 1-0

[Event "Saint Denis op"]
[Site "Saint Denis"]
[Date "2022.10.13"]
[Round "7"]
[White "Sawmynaden, Righen Peroumal"]
[Black "Molines, Martin"]
[Result "1-0"]
[WhiteElo "1743"]
[BlackElo "1037"]
[PlyCount "73"]
[EventDate "2022.10.13"]
[EventType "swiss"]
[EventRounds "9"]
[EventCountry "RUF"]
[SourceTitle "EXT 2024"]
[Source "ChessBase"]
[SourceDate "2023.10.10"]
[SourceVersion "1"]
[SourceVersionDate "2023.10.10"]
[SourceQuality "1"]

1. d4 d5 2. Nf3 Nf6 3. Bf4 Bf5 4. Nc3 Nc6 5. Nb5 Rc8 6. a3 e6 7. e3 a6 8. Nc3 Bd6 9. Be2 Bxf4 10. exf4 0-0 11. Ne5 Qd6 12. g4 Bg6 13. h4 h6 14. f3 Qd8 15. Qd2 Nxe5 16. fxe5 Nh7 17. h5 Bxc2 18. Qxc2 f6 19. 0-0-0 fxe5 20. dxe5 Qg5+ 21. Kb1 Qxe5 22. Rhe1 Qd6 23. Ne4 Qe7 24. Nc5 c6 25. Nd3 Qd6 26. f4 Nf6 27. Ne5 Nd7 28. Ng6 Rfe8 29. g5 hxg5 30. fxg5 Nf8 31. Bd3 Rc7 32. Ne5 Rce7 33. h6 Kh8 34. Qh2 Kg8 35. h7+ Kh8 36. Ng6+ Nxg6 37. Qxd6 1-0

[Event "Saint Denis op"]
[Site "Saint Denis"]
[Date "2022.10.13"]
[Round "2"]
[White "Sawmynaden, Righen Peroumal"]
[Black "Rosamel, Manua"]
[Result "1-0"]
[WhiteElo "1743"]
[BlackElo "1319"]
[PlyCount "76"]
[EventDate "2022.10.13"]
[EventType "swiss"]
[EventRounds "9"]
[EventCountry "RUF"]
[SourceTitle "EXT 2024"]
[Source "ChessBase"]
[SourceDate "2023.10.10"]
[SourceVersion "1"]
[SourceVersionDate "2023.10.10"]
[SourceQuality "1"]

1. d4 Nf6 2. Nf3 g6 3. Nc3 Bg7 4. e4 d6 5. Be2 0-0 6. 0-0 Nc6 7. d5 Ne5 8. Nxe5 dxe5 9. Be3 a6 10. a4 Rb8 11. a5 e6 12. Bc5 Re8 13. d6 c6 14. Bb6 Qd7 15. Bc7 Ra8 16. Na4 c5 17. Nb6 Qc6 18. Nxa8 Nd7 19. Qd3 f5 20. f3 Nf6 21. Rfd1 b5 22. Nb6 Bd7 23. b3 Rf8 24. c4 b4 25. Na4 fxe4 26. fxe4 Qb7 27. Nxc5 Qc6 28. Qe3 Rf7 29. Bd8 Ne8 30. Bg4 Nxd6 31. Nxe6 Nxe4 32. Nxg7 Bxg4 33. Re1 Nd6 34. Qxe5 Rxg7 35. h3 Bf5 36. Rad1 Ne4 37. g4 Nc3 38. Rd6 Qf3 1-0

[Event "Port Louis zt 4.3"]
[Site "Port Louis"]
[Date "2016.04.25"]
[Round "2"]
[White "Marie, Patrick"]
[Black "Sawmynaden, Righen Peroumal"]
[Result "1/2-1/2"]
[WhiteElo "2065"]
[BlackElo "1694"]
[PlyCount "38"]
[EventDate "2016.04.24"]
[EventType "swiss"]
[EventRounds "9"]
[EventCountry "MRI"]
[SourceTitle "CBM 172 Extra"]
[Source "ChessBase"]
[SourceDate "2016.06.21"]
[SourceVersion "1"]
[SourceVersionDate "2016.06.21"]
[SourceQuality "1"]

1. e4 e5 2. Nf3 Nc6 3. Bc4 Bc5 4. 0-0 Nf6 5. d3 0-0 6. c3 d6 7. b4 Bb6 8. Bg5 h6 9. Be3 Ne7 10. Bxb6 axb6 11. Nbd2 Ng6 12. d4 Qe7 13. Qc2 Bg4 14. Rfe1 Rfd8 15. g3 Nh7 16. Bf1 Ng5 17. Nxg5 Qxg5 18. Bg2 Qf6 19. d5 h5 1/2-1/2

[Event "Reunion op 17th"]
[Site "St Denis"]
[Date "2015.10.10"]
[Round "9"]
[White "Sawmynaden, Righen Peroumal"]
[Black "Desor, Helmut"]
[Result "1-0"]
[WhiteElo "1399"]
[BlackElo "1767"]
[PlyCount "84"]
[EventDate "2015.10.10"]
[EventType "swiss"]
[EventRounds "9"]
[EventCountry "RUF"]
[SourceTitle "CBM 168 Extra"]
[Source "ChessBase"]
[SourceDate "2015.10.29"]
[SourceVersion "1"]
[SourceVersionDate "2015.10.29"]
[SourceQuality "1"]

1. d4 Nf6 2. c4 c6 3. Nc3 d5 4. Nf3 h6 5. Bf4 e6 6. Rc1 Bd6 7. Bxd6 Qxd6 8. e3 Nbd7 9. cxd5 exd5 10. Bd3 0-0 11. 0-0 Re8 12. Qc2 Qe7 13. Nd2 Qd6 14. Ne2 Nf8 15. Ng3 Bd7 16. Nb3 b6 17. Nf5 Bxf5 18. Bxf5 g6 19. Qxc6 Qxc6 20. Rxc6 N8h7 21. Bd3 Ne4 22. Rfc1 Nf8 23. Ba6 Kg7 24. Rc8 Raxc8 25. Rxc8 Rxc8 26. Bxc8 Nh7 27. Nc1 Nd6 28. Bg4 f5 29. Be2 Nf6 30. f3 Kf7 31. Nd3 Nd7 32. b3 Kf6 33. Nb4 Ke6 34. Nd3 g5 35. h3 Nb5 36. Nc5+ bxc5 37. Bxb5 cxd4 38. Bxd7+ Kxd7 39. exd4 Kc6 40. Kf2 Kb5 41. a3 a5 42. Ke3 a4 1-0